书目信息 |
| 题名: |
高校法治的理论与实践
|
|
| 作者: | 李力 著 | |
| 分册: | ||
| 出版信息: | 长春 吉林出版集团股份有限公司 2022.06 |
|
| 页数: | 128页 | |
| 开本: | 24cm | |
| 丛书名: | ||
| 单 册: | ||
| 中图分类: | G641.5 | |
| 科图分类: | ||
| 主题词: | 社会主义法制--法制教育--研究--高等学校 | |
| 电子资源: | ||
| ISBN: | 978-7-5731-0416-8 | |
| 000 | 00867nam0 2200229 450 | |
| 001 | 012001001125 | |
| 005 | 20140201112214.0 | |
| 010 | @a978-7-5731-0416-8@dCNY38.00 | |
| 100 | @a20220905d2022 em y0chiy0110 ea | |
| 101 | 0 | @achi |
| 102 | @aCN@b220000 | |
| 105 | @ay z 000yy | |
| 106 | @ar | |
| 200 | 1 | @a高校法治的理论与实践@Agao xiao fa zhi de li lun yu shi jian@f李力著 |
| 210 | @a长春@c吉林出版集团股份有限公司@d2022.06 | |
| 215 | @a128页@d24cm | |
| 330 | @a本书分为五章,内容包括:高校法治之马克思法哲学思想的近代理论渊源、高校法治之马克思法哲学思想演进历程、高校法治之马克思法哲学思想的理论考察、高校法治之马克思哲学对施蒂纳的批判与超越、马克思哲学思想与依法治校的理论实践。 | |
| 606 | 0 | @a社会主义法制@x法制教育@x研究@x高等学校 |
| 690 | @aG641.5@v5 | |
| 701 | 0 | @a李力@Ali li@4著 |
| 801 | 0 | @aCN@bAHXH@c20221111 |
| 905 | @b1365711-3@dG641.5@e2298@f3 | |
| 高校法治的理论与实践/李力著.-长春:吉林出版集团股份有限公司,2022.06 |
| 128页;24cm |
| ISBN 978-7-5731-0416-8:CNY38.00 |
| 本书分为五章,内容包括:高校法治之马克思法哲学思想的近代理论渊源、高校法治之马克思法哲学思想演进历程、高校法治之马克思法哲学思想的理论考察、高校法治之马克思哲学对施蒂纳的批判与超越、马克思哲学思想与依法治校的理论实践。 |
| ● |
| 相关链接 |
|
|
|
|
正题名:高校法治的理论与实践
索取号:G641.5/2298
 
预约/预借
| 序号 | 登录号 | 条形码 | 馆藏地/架位号 | 状态 | 备注 |
| 1 | 1365711 | 213657112 | 第一样本阅览室/ [索取号:G641.5/2298] | 在馆 | |
| 2 | 1365712 | 213657121 | 第四借阅区/ [索取号:G641.5/2298] | 在馆 | |
| 3 | 1365713 | 213657130 | 第四借阅区/ [索取号:G641.5/2298] | 在馆 |